01210nam a22002177a 4500001000500000005001700005020001800022040002900040050001300069082001100082100001800093245009000111260005100201300002300252490002300275505000600298520061700304521001800921521001800939700003500957184220250821141828.0 a9780765359841 aFISKHbengcFISKHdFISKH aPZ7.D128 a813.54 aDadey, Debbie aInside the magic /cDebbie Dadey and Marcia Thornton Jones Illustrated by Adam Stower aNew York :bTom Doherty Associates, LLC,c2009 a116 pages :c20 cm aKeyholdersvBook 3 aK a"Inside the Magic is the third in a series of light fantasy chapter books set in Morgantown, a town on the border between the real world and the magical world, by the authors of the Publishers Weekly best selling BAILEY SCHOOL KIDS--a series of 50 books with more than 30 million copies sold! Oh, no! Mr. Leery has been kidnapped by the evil Queen of the Boggarts. It's up to the apprentice Keyholders Penny, Luke, and Natalie to rescue him. Together with their links, a unicorn named Kirin, a dragon named Dracula, and a rat named Buttercup, the three Keyholders cross the border to the outlandishness magic..." a590 bLexile aK bRaz-Plus aJones, Marcia Thorntoneauthor